An introduction to critical social psychology (Record no. 368682)

MARC details
000 -LEADER
fixed length control field 00589nam a2200193Ia 4500
008 - FIXED-LENGTH DATA ELEMENTS--GENERAL INFORMATION
fixed length control field 191130s2003##################000#0#eng##
020 ## - INTERNATIONAL STANDARD BOOK NUMBER
ISBN 9780761962106
082 ## - DEWEY DECIMAL CLASSIFICATION NUMBER
Classification number 302 HEP
100 ## - MAIN ENTRY--AUTHOR NAME
Personal name Hepburn, Alexa
245 ## - TITLE STATEMENT
Title An introduction to critical social psychology
Statement of responsibility, etc Alexa Hepburn
260 ## - PUBLICATION, DISTRIBUTION, ETC. (IMPRINT)
Place of publication Thousand Oaks, CA
Name of publisher SAGE
Year of publication 2003
300 ## - PHYSICAL DESCRIPTION
Number of Pages ix, 278 p. : ill. ; 25 cm
500 ## - GENERAL NOTE
General note Includes bibliographical references (p. 249-268) and index
650 ## - SUBJECT ADDED ENTRY--TOPICAL TERM
Topical Term Social psychology
991 ## -
-- 230662
Holdings
Withdrawn status Lost status Damaged status Not for loan Home library Current library Shelving location Date acquired Full call number Accession Number Price effective from Koha item type
        Anna Centenary Library Anna Centenary Library 3RD FLOOR, B WING 17.10.2020 302 HEP 162870 17.10.2020 English Books

Find us on the map